000 00458nam a2200193Ia 4500
008 101110s9999 xx 000 0 und d
041 _aENGLISH
082 _bSR6947
_a658.58
100 _aPatel J.S.K.
245 _aSalesmanship & Publicity
365 _b10.5
520 _aCommerce
546 _aENGLISH
630 _aSalesmanship & Publicity
650 _aCommerce
655 _aCommerce
730 _aSalesmanship & Publicity
942 _cBOOK
999 _c802703
_d802700